000 00911nam a2200277Ia 4500
003 OSt
005 20220928114740.0
006 a|||||r|||| 00| 0
007 ta
008 220927b |||||||| |||| 00| 0 eng d
020 _cUKP 27.99
024 _a141433
037 _b59558, 09/12/2019, Segment Book Distributors
_cTextual
040 _aSDCL
_cSDCL
_beng
041 _2eng
_aeng
082 _aX64:(D), Q9
100 _aGoldfarb Brent
_9440739
245 0 _aBubbles and crashes
_b The boom and bust of technological innovation
260 _aStanford
_bStanford University Press
_c2019
300 _ax,247p.
_ccm.
650 _a Technology bubble
_9440740
650 _aBusiness Economics
_9391653
700 _a Kirsch David A.
_9440741
942 _hX64:(D), Q9
_cTEXL
_2CC
999 _c756273
_d756273